Catálogo

LAS GRANDES DECISIONES DE LOS GRANDES EMPRESARIOS : (Registro nro. 11251)

Detalles MARC
000 -LEADER
fixed length control field 00565nam a2200193 a 4500
001 - CONTROL NUMBER
control field 11251
005 - DATE AND TIME OF LATEST TRANSACTION
control field 20180713195413.0
008 - FIXED-LENGTH DATA ELEMENTS--GENERAL INFORMATION
fixed length control field 140415s1991 mx 000 0 spa d
041 ## - LANGUAGE CODE
Language code of text/sound track or separate title spa
082 ## - DEWEY DECIMAL CLASSIFICATION NUMBER
Classification number 658.403
Item number HEL
100 1# - MAIN ENTRY--PERSONAL NAME
Personal name HELLER, ROBERT
245 14 - TITLE STATEMENT
Title LAS GRANDES DECISIONES DE LOS GRANDES EMPRESARIOS :
Remainder of title APRENDA COMO SE ACIERTA EN EL MUNDO DE LOS NEGOCIOS
250 ## - EDITION STATEMENT
Edition statement 1a ed.
260 ## - PUBLICATION, DISTRIBUTION, ETC.
Place of publication, distribution, etc. MEXICO :
Name of publisher, distributor, etc. GRIJALBO,
Date of publication, distribution, etc. 1991
300 ## - PHYSICAL DESCRIPTION
Extent 351
490 ## - SERIES STATEMENT
Series statement ECONOMIA Y EMPRESA
650 14 - SUBJECT ADDED ENTRY--TOPICAL TERM
Topical term or geographic name entry element TOMA DE DECISIONES
700 1# - ADDED ENTRY--PERSONAL NAME
Personal name BRAVO, J.A.
Relator term tr.
Existencias
Withdrawn status Lost status Source of classification or shelving scheme Damaged status Not for loan Collection code Home library Current library Shelving location Date acquired Source of acquisition Inventory number Total Checkouts Full call number Barcode Date last seen Price effective from Koha item type
    Dewey Decimal Classification     General Biblioteca Karol Wojtyla Biblioteca Karol Wojtyla Sala general 03/12/2013 Compra 151000000000000000014446   658.403 HEL 26686 05/01/2026 03/12/2013 Libro